000 00433nam a2200193Ia 4500
008 240510s9999 xx 000 0 und d
020 _a0008173666598
041 _aEng
082 _a005.43
082 _bY13
100 _aYAGHMOUR, K
245 0 _aBuilding Embedded LINUX systems
260 _bNew Delhi : Shroff Publishers
260 _c2003
300 _a391 p.
650 _aLinux
942 _2ddc
942 _cLBK
999 _c28223
_d28223
945 _a1
_bMadushi Gamage
_c1
_dMadushi Gamage